lequel n'est pas un exercice de musculation - Statistiques

Statistiques générales
  • Ce quiz a été pris 783 fois
  • Le résultat moyen est 3 sur 8
Answers on the Grid
Answers color-coded by a green-red scale on the quiz's grid according to % correct below.
developpé couché
roll run's
russian twist
developpé incliné
curl zottman
renegade row
hip pump twist
leg curl decliné
flexion lateral
pompe turque
curl en angle rapproché
russian flexion
pitt burn
nordic hamstring curl
rowing sumo
developpé francais à la poulie
 
Statistiques - réponses
Réponse % Correct
developpé couché
78%
developpé incliné
59%
russian twist
46%
leg curl decliné
38%
curl zottman
35%
flexion lateral
24%
renegade row
19%
nordic hamstring curl
18%
Aucun quiz correspondant
Distribution des résultats
% des personnes avec chaque résultat
Percentile par nombre de réponses
Votre historique - résultats
Vous n’avez pas pris ce quiz